<?xml version="1.0" encoding="UTF-8"?>
<record
    xmlns:xsi="http://www.w3.org/2001/XMLSchema-instance"
    xsi:schemaLocation="http://www.loc.gov/MARC21/slim http://www.loc.gov/standards/marcxml/schema/MARC21slim.xsd"
    xmlns="http://www.loc.gov/MARC21/slim">

  <leader>00410nam a2200157Ia 4500</leader>
  <controlfield tag="008">221030s9999    xx            000 0 und d</controlfield>
  <datafield tag="020" ind1=" " ind2=" ">
    <subfield code="a">8131518132</subfield>
  </datafield>
  <datafield tag="100" ind1=" " ind2=" ">
    <subfield code="a">R. L. Mathis</subfield>
  </datafield>
  <datafield tag="245" ind1=" " ind2="0">
    <subfield code="a">Human Resource Management</subfield>
    <subfield code="c">by R. L. Mathis, J. H. Jackson</subfield>
  </datafield>
  <datafield tag="250" ind1=" " ind2=" ">
    <subfield code="a">13th</subfield>
  </datafield>
  <datafield tag="260" ind1=" " ind2=" ">
    <subfield code="b">Cengage Learning</subfield>
    <subfield code="a">New Delhi</subfield>
    <subfield code="c">2012</subfield>
  </datafield>
  <datafield tag="300" ind1=" " ind2=" ">
    <subfield code="a">729</subfield>
  </datafield>
  <datafield tag="650" ind1=" " ind2=" ">
    <subfield code="a">Management</subfield>
  </datafield>
  <datafield tag="700" ind1=" " ind2=" ">
    <subfield code="a">J. H. Jackson</subfield>
  </datafield>
  <datafield tag="942" ind1=" " ind2=" ">
    <subfield code="c">BK</subfield>
    <subfield code="2">ddc</subfield>
  </datafield>
  <datafield tag="999" ind1=" " ind2=" ">
    <subfield code="c">14756</subfield>
    <subfield code="d">14756</subfield>
  </datafield>
  <datafield tag="952" ind1=" " ind2=" ">
    <subfield code="p">MBA 2343</subfield>
    <subfield code="g">595.00</subfield>
    <subfield code="i">3388</subfield>
    <subfield code="l">0</subfield>
    <subfield code="e">RKB</subfield>
    <subfield code="r">2024-04-19 00:00:00</subfield>
    <subfield code="w">2022-10-30</subfield>
    <subfield code="y">BK</subfield>
    <subfield code="0">0</subfield>
    <subfield code="3">Print</subfield>
    <subfield code="4">0</subfield>
    <subfield code="7">1</subfield>
    <subfield code="a">MIETLIB</subfield>
    <subfield code="b">MIETLIB</subfield>
    <subfield code="c">BL-Academic Block B, FL-2, CUP-140, SH-1, R-1</subfield>
    <subfield code="d">2013-02-07</subfield>
    <subfield code="1">0</subfield>
    <subfield code="H">MBA</subfield>
  </datafield>
  <datafield tag="952" ind1=" " ind2=" ">
    <subfield code="p">MBA 2344</subfield>
    <subfield code="g">595.00</subfield>
    <subfield code="i">3388</subfield>
    <subfield code="l">0</subfield>
    <subfield code="e">RKB</subfield>
    <subfield code="r">2024-04-19 00:00:00</subfield>
    <subfield code="w">2022-10-30</subfield>
    <subfield code="y">BK</subfield>
    <subfield code="0">0</subfield>
    <subfield code="3">Print</subfield>
    <subfield code="4">0</subfield>
    <subfield code="7">0</subfield>
    <subfield code="a">MIETLIB</subfield>
    <subfield code="b">MIETLIB</subfield>
    <subfield code="c">BL-Academic Block B, FL-2, CUP-110, SH-5, R-5</subfield>
    <subfield code="d">2013-02-07</subfield>
    <subfield code="1">0</subfield>
    <subfield code="H">MBA</subfield>
  </datafield>
  <datafield tag="952" ind1=" " ind2=" ">
    <subfield code="p">MBA 2345</subfield>
    <subfield code="g">595.00</subfield>
    <subfield code="i">3388</subfield>
    <subfield code="l">1</subfield>
    <subfield code="e">RKB</subfield>
    <subfield code="r">2024-04-19 00:00:00</subfield>
    <subfield code="s">2023-03-31</subfield>
    <subfield code="w">2022-10-30</subfield>
    <subfield code="y">BK</subfield>
    <subfield code="0">0</subfield>
    <subfield code="3">Print</subfield>
    <subfield code="4">0</subfield>
    <subfield code="7">0</subfield>
    <subfield code="a">MIETLIB</subfield>
    <subfield code="b">MIETLIB</subfield>
    <subfield code="c">BL-Academic Block B, FL-2, CUP-110, SH-5, R-5</subfield>
    <subfield code="d">2013-02-07</subfield>
    <subfield code="1">0</subfield>
    <subfield code="H">MBA</subfield>
  </datafield>
  <datafield tag="952" ind1=" " ind2=" ">
    <subfield code="p">MBA 2346</subfield>
    <subfield code="g">595.00</subfield>
    <subfield code="i">3388</subfield>
    <subfield code="l">0</subfield>
    <subfield code="e">RKB</subfield>
    <subfield code="r">2024-04-19 00:00:00</subfield>
    <subfield code="w">2022-10-30</subfield>
    <subfield code="y">BK</subfield>
    <subfield code="0">0</subfield>
    <subfield code="3">Print</subfield>
    <subfield code="4">0</subfield>
    <subfield code="7">0</subfield>
    <subfield code="a">MIETLIB</subfield>
    <subfield code="b">MIETLIB</subfield>
    <subfield code="c">BL-Academic Block B, FL-2, CUP-110, SH-5, R-5</subfield>
    <subfield code="d">2013-02-07</subfield>
    <subfield code="1">0</subfield>
    <subfield code="H">MBA</subfield>
  </datafield>
  <datafield tag="952" ind1=" " ind2=" ">
    <subfield code="p">MBA 2347</subfield>
    <subfield code="g">595.00</subfield>
    <subfield code="i">3388</subfield>
    <subfield code="l">1</subfield>
    <subfield code="e">RKB</subfield>
    <subfield code="r">2024-09-04 00:00:00</subfield>
    <subfield code="s">2023-10-11</subfield>
    <subfield code="w">2022-10-30</subfield>
    <subfield code="y">BK</subfield>
    <subfield code="0">0</subfield>
    <subfield code="3">Print</subfield>
    <subfield code="4">0</subfield>
    <subfield code="7">0</subfield>
    <subfield code="a">MIETLIB</subfield>
    <subfield code="b">MIETLIB</subfield>
    <subfield code="c">BL-Academic Block B, FL-2, CUP-110, SH-5, R-5</subfield>
    <subfield code="d">2013-02-07</subfield>
    <subfield code="1">0</subfield>
    <subfield code="H">MBA</subfield>
  </datafield>
</record>
